书目信息 |
| 题名: |
瓦朗蒂娜
|
|
| 作者: | [法]乔治.桑 著 | |
| 分册: | ||
| 出版信息: | 北京 北京燕山出版社 2000.02 |
|
| 页数: | 313页 | |
| 开本: | 32开 | |
| 丛书名: | ||
| 单 册: | ||
| 中图分类: | I565.445 | |
| 科图分类: | ||
| 主题词: | 文学 | |
| 电子资源: | ||
| ISBN: | 7-5402-1238-1 | |
| 000 | 00537nam0 2200193 45 | |
| 001 | 0008161022 | |
| 005 | 20000816102851.5 | |
| 010 | @a7-5402-1238-1@d12.00元 | |
| 100 | @a20000816d2000 km y0chiy0120 ea | |
| 101 | 0 | @achi |
| 105 | @a z 000yy | |
| 200 | 1 | @a瓦朗蒂娜@AWa Lang Di Na@f[法]乔治.桑著@F[Fa]Qiao Zhi.Sang Zhu |
| 210 | @a北京@c北京燕山出版社@d2000.02 | |
| 215 | @a313页@d32开 | |
| 606 | 0 | @a文学 |
| 690 | @aI565.445@v3 | |
| 701 | 0 | @a[法]乔治.桑@4著 |
| 801 | @aCN@bPftUser@c20000816 | |
| 905 | @b107960-964@dI565.445@eS974@f5 | |
| 瓦朗蒂娜/[法]乔治.桑著.-北京:北京燕山出版社,2000.02 |
| 313页;32开 |
| ISBN 7-5402-1238-1:12.00元 |
| ● |
| 相关链接 |
|
|
|
正题名:瓦朗蒂娜
索取号:I565.445/S974
 
预约/预借
| 序号 | 登录号 | 条形码 | 馆藏地/架位号 | 状态 | 备注 |
| 1 | 107960 | 201079607 | 社科二线400B/400B社科库 28排3列5层/ [索取号:I565.445/S974] | 在馆 | |
| 2 | 107961 | 201079616 | 文学库116/116文学库 24排1列3层/ [索取号:I565.445/S974] | 在馆 | |
| 3 | 107962 | 201079625 | 社科二线400B/400B社科库 5排2列6层/ [索取号:I565.445/S974] | 在馆 | |
| 4 | 107963 | 201079634 | 社科二线400B/400B社科库 5排4列4层/ [索取号:I565.445/S974] | 在馆 | |
| 5 | 107964 | 201079643 | 文学库116/116文学库 24排1列3层/ [索取号:I565.445/S974] | 在馆 |